000 00574nam a2200169 a 4500
001 000036865
005 20200930080002.0
008 120202s1965 ec a 000 j spa d
040 _aDO-SdBNP
_bspa
_cBNPHU
245 0 0 _aLeyendas ecuatorianas /
_cintroducción de Hernán Rodríguez Castelo.
260 _aGuayaquil, Quito :
_bPublicaciones Educativas "Ariel",
_c[1965?].
300 _a189 p. :
_bil. ;
_c18 cm.
490 0 _aClásicos Ariel ;
_v14
650 2 4 _aLeyendas ecuatorianas
_922700
650 2 4 _aLiteratura ecuatoriana
_93938
830 0 _aClásicos Ariel ;
_v14
_93125
999 _c36356
_d36356